L'affidamento dei minori nei giudizi di separazione e divorzio (Record n. 210697)
[ formato base ]
| 000 -LEADER | |
|---|---|
| fixed length control field | 01363nam a2200205Ia 4500 |
| 001 - CONTROL NUMBER | |
| control field | b6354-44769 |
| 003 - CONTROL NUMBER IDENTIFIER | |
| control field | IT-MiCISF |
| 008 - FIXED-LENGTH DATA ELEMENTS--GENERAL INFORMATION | |
| fixed length control field | 161014s9999||||xx |||||||||||||| ||und|| |
| 040 ## - CATALOGING SOURCE | |
| Original cataloging agency | IT-MiCISF |
| Transcribing agency | IT-MiCISF |
| 041 ## - LANGUAGE CODE | |
| Language code of text/sound track or separate title | it |
| 999 ## - SYSTEM CONTROL NUMBERS (KOHA) | |
| Koha Dewey Subclass [OBSOLETE] | si |
| 100 ## - MAIN ENTRY--PERSONAL NAME | |
| Personal name | Napolitano Lucio |
| 245 #0 - TITLE STATEMENT | |
| Title | L'affidamento dei minori nei giudizi di separazione e divorzio |
| Remainder of title | Dall'affidamento esclusivo all'affidamento condiviso. Esperienze pregresse e novità legislativa a confronto |
| 250 ## - EDITION STATEMENT | |
| Edition statement | 1a ed. |
| 260 ## - PUBLICATION, DISTRIBUTION, ETC. (IMPRINT) | |
| Place of publication, distribution, etc. | Torino |
| Name of publisher, distributor, etc. | Giappichelli |
| Date of publication, distribution, etc. | 2006 |
| 300 ## - PHYSICAL DESCRIPTION | |
| Extent | pp. XIV-332 |
| 500 ## - GENERAL NOTE | |
| General note | / divorzio, figli-divorzio, affido-condiviso, potestà-genitoriale, diritto / Il libro affronta i problemi di diritto sostanziale e processuale dell'affidamento dei figli minori nelle cause di separazione e divorzio dei loro genitori. Con taglio pratico, ma allo stesso tempo attento all'inquadramento concettuale, il volume offre una organica lettura delle nuove norme in materia di affido condiviso dei figli. In tale contesto, il lavoro pone in particolare all'attenzione degli operatori del settore quelle prassi già segnalatesi come virtuose, che possono favorire il perseguimento dell'obiettivo di attuare un processo ragionevole, in un settore molto delicato quale quello dei conflitti familiari. |
| 650 ## - SUBJECT ADDED ENTRY--TOPICAL TERM | |
| Topical term or geographic name as entry element | Famiglia nella società / divorzio |
| Relator term | 006 |
| 942 ## - ADDED ENTRY ELEMENTS (KOHA) | |
| Koha item type | LIBRO |
| 957 ## - | |
| -- | 1 |
| 999 ## - SYSTEM CONTROL NUMBERS (KOHA) | |
| -- | 1 |
| Withdrawn status | Lost status | Damaged status | Not for loan | Home library | Current library | Date acquired | Total Checkouts | Full call number | Date last seen | Price effective from | Koha item type | Public note |
|---|---|---|---|---|---|---|---|---|---|---|---|---|
| Buone Condizioni | Not For Loan | CISF - Milano | CISF - Milano | 14/10/2016 | b6354-44769 | 14/10/2016 | 14/10/2016 | LIBRO | Data import 15.10.2016 / by Epidotti, Vaglietti |